000 00477nam a2200193Ia 4500
005 20240823041703.0
008 240823s9999||||xx |||||||||||||| ||und||
041 _aENGLISH
082 _A424 N9
100 _aInthira S R
245 0 _aEnrich Your English Book I: Communication Skills
250 _a1st
260 _c1997
_bOxford University
500 _aTRANSFERED
650 _aAcademic Skills
_bEnglish
700 _a Saraswathi v
942 _cBK
999 _c206092
_d206092